Представление документа в формате MARC21

Поле Инд. ПП Название Значение
Тип записи a
Библиографический уровень m
001 Контрольный номер 004345798
005 Дата корректировки 20260603092225.9
008 Кодируемые данные 090619s2009 y zzzz 000 1 rusdu
020 a ISBN 978-5-7567-0546-1
040 d Организация, изменившая запись RuMo
a Служба первич. каталог. НБ ТвГУ
041 0_ a Код языка текста rus
080 a Индекс УДК 005.92(075.8)
084 a Индекс другой классификации/Индекс ББК С864
090 a Полочн. индекс С864
x Авторский знак Ф 53
100 1_ a Автор Филинова Ирина Михайловна
d Дата 1959-
q Полное имя Филинова И. М.
245 10 a Заглавие Документирование управленческой деятельности
b Продолж. заглавия практикум : учебное пособие для студентов вузов, обучающихся по специальности 080502 "Экономика и управление на предприятии (по отраслям)"
260 a Место издания Москва
b Издательство Аспект Пресс
c Дата издания 2009
300 a Объем 127 с.
b Иллюстрации/ тип воспроизводства табл.
c Размеры 21 см
504 a Библиография Библиогр.: с. 62-63 и в подстроч. примеч.
520 0_ a Аннотация Практикум содержит разнообразные задания для практических занятий и самостоятельной работы студентов, тесты контроля знаний. Работа с практикумом обеспечивает реализацию межпредметных связей с дисциплинами "Правовое регулирование", "Менеджмент", "Управление персоналом".
8 Для преподавателей, студентов, слушателей при изучении курсов "Документирование управленческой деятельности", "Документационное обеспечение управления", а также для практических работников, занятых оформлением служебных документов.
653 0_ a Ключевые слова Делопроизводство
a Ключевые слова Документационное обеспечение управления
a Ключевые слова Документирование управленческой деятельности
a Ключевые слова Документооборот
a Ключевые слова Практикумы
a Ключевые слова Работа с документами
a Ключевые слова Управление
a Ключевые слова Учебники для вузов
852 41 i Расстановочный признак Проверка 2026
910 a гриф есть**
920 a Оператор Стру
a Оператор Поля
930 a Новая/Ретро учебники
a Новая/Ретро практикумы
952 c Вид литературы К ру
954 a Дата поступления на обработку 20100618